000 01167nam a22003377a 4500
003 CHAP
005 20220817043501.0
008 981027d1997 mx ab r 00110 spa d
010 _a76436
011 _a77408
020 _a9688565091
035 _a87014
040 _cCHAP
082 0 4 _a630.97273
_bM3
100 0 0 _aMatías Alonso, Marcos.
_973030
245 1 3 _aLa agricultura indígena en la montaña de Guerrero
_c/por Marcos Matías Alonso
260 _aMéxico, D.F. :
_bPlaza y Valdés,
_c1997.
300 _a285 p. :
_bilus. ; cuadros ; gráfs, ; mapas
590 _aBATCH-UPD
_b10
_c20130110
_lUCH01
_h0609
590 _aBATCH-UPD
_b10
_c20130410
_lUCH01
_h0251
590 _aBATCH-UPD
_b10
_c20130913
_lUCH01
_h2220
590 _aCONVERSION
_b10
_c20130109
_lUCH01
_h1342
650 1 4 _aAgricultura sustentable.
650 1 4 _aAgricultura
_xGuerrero.
_91506
650 1 4 _aIndios de Guerrero.
901 _aBK
905 _aAlejandra Carrasco M.
942 _cLIBRO
949 _a630.97273 M3
_bBC
_cLIBRO
_d33724000708574
_eLIBRO
_gI.c/e
_h94333
_i87014
_si
_t$71.10
949 _a630.97273 M3
_bBC
_cLIBRO
_d33724000788634
_eLIBRO
_fc.2
_gI.c/e
_h98621
_i87014
_si
_t$92.00
999 _c76436
_d76436